[Event "EU-chT U18"]
[Site "Rymanow Zdroj"]
[Date "2017.08.20"]
[Round "4.2"]
[White "Nowak, Kamil"]
[Black "Kozak, Adam"]
[Result "1/2-1/2"]
[WhiteElo "2318"]
[BlackElo "2422"]
[PlyCount "90"]
[EventDate "2017.08.17"]
[EventType "team-swiss"]
[EventRounds "7"]
[EventCountry "POL"]
[SourceTitle "CBM 180 Extra"]
[Source "ChessBase"]
[SourceDate "2017.10.06"]
[SourceVersion "1"]
[SourceVersionDate "2017.10.06"]
[SourceQuality "1"]
[WhiteTeam "Poland U18"]
[BlackTeam "Hungary U18"]
[WhiteTeamCountry "POL"]
[BlackTeamCountry "HUN"]

1. d4 Nf6 2. c4 e6 3. Nf3 b6 4. Nc3 Bb4 5. Qc2 Bb7 6. a3 Bxc3+ 7. Qxc3 d5 8. Bg5 Nbd7 9. e3 0-0 10. cxd5 Bxd5 11. Be2 c5 12. 0-0 Ne4 13. Bxd8 Nxc3 14. bxc3 Rfxd8 15. a4 Rab8 16. Rfb1 Kf8 17. Nd2 Rdc8 18. Rc1 Rc7 19. Ba6 Ke7 20. f3 Ba8 21. Kf2 Rd8 22. a5 e5 23. axb6 axb6 24. Nc4 exd4 25. cxd4 Bc6 26. Na3 Ra8 27. Nb5 Bxb5 28. Bxb5 Rxa1 29. Rxa1 cxd4 30. exd4 Nf6 31. Bd3 Rd7 32. Ra4 g6 33. Be4 Rd6 34. Ke3 Nd5+ 35. Bxd5 Rxd5 36. Ra6 Rb5 37. Ke4 h5 38. h4 Ke6 39. Ra8 Rb2 40. Rb8 Re2+ 41. Kf4 Rxg2 42. Rxb6+ Kd5 43. Rf6 Kxd4 44. Rxf7 Kd5 45. Re7 Kd6 1/2-1/2

[Event "EU-chT U18"]
[Site "Rymanow Zdroj"]
[Date "2017.08.19"]
[Round "3.6"]
[White "Macko, Miroslav"]
[Black "Nowak, Kamil"]
[Result "1-0"]
[WhiteElo "2304"]
[BlackElo "2318"]
[PlyCount "69"]
[EventDate "2017.08.17"]
[EventType "team-swiss"]
[EventRounds "7"]
[EventCountry "POL"]
[SourceTitle "CBM 180 Extra"]
[Source "ChessBase"]
[SourceDate "2017.10.06"]
[SourceVersion "1"]
[SourceVersionDate "2017.10.06"]
[SourceQuality "1"]
[WhiteTeam "Slovakia U18 II"]
[BlackTeam "Poland U18"]
[WhiteTeamCountry "SVK"]
[BlackTeamCountry "POL"]

1. e4 e5 2. Nf3 Nc6 3. Bb5 a6 4. Ba4 Nf6 5. 0-0 Be7 6. Re1 b5 7. Bb3 d6 8. c3 0-0 9. d3 Na5 10. Bc2 c5 11. Nbd2 Nc6 12. Nf1 Re8 13. Ng3 h6 14. h3 Be6 15. Nh2 Qd7 16. Nh5 Nxh5 17. Qxh5 Bf8 18. Re3 g6 19. Rg3 Bg7 20. Qf3 Kh7 21. Ng4 Qe7 22. Ne3 Rf8 23. Nf5 gxf5 24. exf5 Bd7 25. Qh5 f6 26. Qg6+ Kh8 27. Bb3 Be8 28. Qg4 Bd7 29. Bd5 Rac8 30. a4 b4 31. Qh5 Be8 32. Rg6 Rf7 33. Bxh6 Bxh6 34. Bxf7 Qxf7 35. Qxh6+ 1-0

[Event "Wroclaw op"]
[Site "Wroclaw"]
[Date "2017.08.13"]
[Round "6"]
[White "Nowak, Kamil"]
[Black "Jagodzinski, Piotr"]
[Result "1-0"]
[WhiteElo "2318"]
[BlackElo "2177"]
[PlyCount "99"]
[EventDate "2017.08.10"]
[EventType "swiss"]
[EventRounds "9"]
[EventCountry "POL"]
[SourceTitle "CBM 180 Extra"]
[Source "ChessBase"]
[SourceDate "2017.10.06"]
[SourceVersion "1"]
[SourceVersionDate "2017.10.06"]
[SourceQuality "1"]

1. e4 c6 2. d4 d5 3. Nd2 a6 4. c3 e6 5. Bd3 c5 6. e5 Nc6 7. Ne2 cxd4 8. cxd4 Qb6 9. Nf3 Bb4+ 10. Bd2 Bd7 11. 0-0 Bxd2 12. Qxd2 h6 13. Rac1 Nge7 14. Nf4 Nxd4 15. Nxd4 Qxd4 16. Nxe6 Bxe6 17. Bb5+ axb5 18. Qxd4 0-0 19. Qc5 Nc6 20. Qxb5 Na5 21. b3 Rfd8 22. f4 g6 23. Rfd1 Rd7 24. Qa4 Rdd8 25. Rc7 Bg4 26. Rdc1 Nc6 27. Qb5 Nd4 28. Qxb7 Rab8 29. Qa7 Ne2+ 30. Kf2 Ra8 31. Qb7 Rab8 32. Qc6 Nxc1 33. Qxc1 h5 34. Rc6 Bf5 35. Qd2 d4 36. Rd6 d3 37. Kf3 Rxd6 38. exd6 Rb6 39. Qe3 Rb7 40. Qd4 Rb8 41. h3 h4 42. b4 Bd7 43. Qxd3 Rxb4 44. Qc3 Rb7 45. a4 Be6 46. a5 f5 47. a6 Rd7 48. Qe5 Kf7 49. Ke3 Ra7 50. Qb5 1-0

[Event "Wroclaw op"]
[Site "Wroclaw"]
[Date "2017.08.11"]
[Round "3"]
[White "Nowak, Kamil"]
[Black "Widla, Piotr"]
[Result "1-0"]
[WhiteElo "2318"]
[BlackElo "2029"]
[PlyCount "97"]
[EventDate "2017.08.10"]
[EventType "swiss"]
[EventRounds "9"]
[EventCountry "POL"]
[SourceTitle "CBM 180 Extra"]
[Source "ChessBase"]
[SourceDate "2017.10.06"]
[SourceVersion "1"]
[SourceVersionDate "2017.10.06"]
[SourceQuality "1"]

1. e4 c5 2. Nf3 d6 3. d4 cxd4 4. Nxd4 Nf6 5. Nc3 a6 6. Be2 e6 7. f4 Qc7 8. 0-0 Be7 9. Kh1 0-0 10. Qe1 Nc6 11. Be3 Bd7 12. Qg3 Rfd8 13. Bf3 Rac8 14. Nb3 b5 15. a3 Be8 16. Qf2 Rb8 17. g4 d5 18. exd5 exd5 19. g5 d4 20. Nxd4 Nxd4 21. Bxd4 Rxd4 22. Qxd4 Rd8 23. Qe3 Bc5 24. Qe2 Nd7 25. Nd5 Qb8 26. Rad1 Nf8 27. b4 Bd6 28. f5 Bd7 29. Be4 Re8 30. Qg2 Kh8 31. Rfe1 Bc6 32. Nc3 Bxe4 33. Nxe4 Bf4 34. Nc5 Rc8 35. Qb7 Qxb7+ 36. Nxb7 Bxg5 37. Nd6 Rc7 38. Re8 Kg8 39. Ne4 Re7 40. Rxe7 Bxe7 41. Nc5 a5 42. Rd5 axb4 43. axb4 g6 44. Nd3 gxf5 45. Rxf5 Ne6 46. Rxb5 Nd4 47. Rb7 Bf6 48. c4 Kf8 49. c5 1-0

[Event "Wroclaw op"]
[Site "Wroclaw"]
[Date "2017.08.10"]
[Round "1"]
[White "Nowak, Kamil"]
[Black "Kempe, Caius Emilian"]
[Result "1-0"]
[WhiteElo "2318"]
[BlackElo "1626"]
[PlyCount "43"]
[EventDate "2017.08.10"]
[EventType "swiss"]
[EventRounds "9"]
[EventCountry "POL"]
[SourceTitle "CBM 180 Extra"]
[Source "ChessBase"]
[SourceDate "2017.10.06"]
[SourceVersion "1"]
[SourceVersionDate "2017.10.06"]
[SourceQuality "1"]

1. e4 c5 2. Nf3 d6 3. d4 cxd4 4. Nxd4 Nf6 5. Nc3 g6 6. Be3 Ng4 7. Bb5+ Nd7 8. Qxg4 a6 9. Bxd7+ Bxd7 10. Qe2 Bg7 11. 0-0 0-0 12. Qd2 Rc8 13. Rfd1 Qc7 14. Bh6 b5 15. Bxg7 Kxg7 16. Nd5 Qd8 17. c3 e6 18. Ne3 Qe7 19. Nb3 Rc6 20. Na5 Rc7 21. Qxd6 Qxd6 22. Rxd6 1-0

[Event "POL-chT U20"]
[Site "Szczyrk"]
[Date "2017.07.24"]
[Round "3.1"]
[White "Kowalski, Igor"]
[Black "Nowak, Kamil"]
[Result "0-1"]
[WhiteElo "2226"]
[BlackElo "2362"]
[PlyCount "102"]
[EventDate "2017.07.22"]
[EventType "team-tourn"]
[EventRounds "9"]
[EventCountry "POL"]
[SourceTitle "EXT 2019"]
[Source "ChessBase"]
[SourceDate "2018.10.10"]
[SourceVersion "1"]
[SourceVersionDate "2018.10.10"]
[SourceQuality "1"]

1. e4 e5 2. Nf3 Nc6 3. Bc4 Nf6 4. d3 Be7 5. 0-0 d6 6. c3 0-0 7. Re1 Na5 8. Bb5 a6 9. Ba4 b5 10. Bc2 c5 11. Nbd2 Nc6 12. Nf1 Re8 13. Bg5 Nd7 14. Bxe7 Nxe7 15. d4 Qc7 16. Ne3 Nf6 17. d5 Ng6 18. g3 Bd7 19. h4 Ng4 20. Ng5 Nxe3 21. Rxe3 h6 22. Nf3 Bg4 23. Kg2 Ne7 24. a4 Qd7 25. Qd2 f5 26. exf5 Nxf5 27. Bxf5 Bxf5 28. Nh2 bxa4 29. g4 Bh7 30. Rg3 Rf8 31. g5 hxg5 32. hxg5 Bg6 33. Rg4 e4 34. Rh4 Rae8 35. Qe3 Re5 36. Ng4 Rxd5 37. Rh8+ Kf7 38. Rh4 Rd3 39. Qe2 Qf5 40. Ne3 Qxg5+ 41. Rg4 Qf6 42. Rxa4 d5 43. Rg3 Kg8 44. Ng4 Rxg3+ 45. fxg3 Qg5 46. Ne3 Rf3 47. Nf1 Bh5 48. Qxa6 Bg4 49. Qa8+ Kh7 50. Qe8 Qf5 51. Nh2 Bh3+ 0-1

[Event "POL-chT U20"]
[Site "Szczyrk"]
[Date "2017.07.23"]
[Round "2.1"]
[White "Nowak, Kamil"]
[Black "Koziol, Kamil"]
[Result "1/2-1/2"]
[WhiteElo "2362"]
[BlackElo "2292"]
[PlyCount "60"]
[EventDate "2017.07.22"]
[EventType "team-tourn"]
[EventRounds "9"]
[EventCountry "POL"]
[SourceTitle "EXT 2019"]
[Source "ChessBase"]
[SourceDate "2018.10.10"]
[SourceVersion "1"]
[SourceVersionDate "2018.10.10"]
[SourceQuality "1"]

1. d4 d5 2. c4 c6 3. cxd5 cxd5 4. Nc3 Nf6 5. Bf4 a6 6. e3 Nc6 7. Bd3 e6 8. Nf3 Bd6 9. Bg5 Be7 10. 0-0 0-0 11. Rc1 Bd7 12. Na4 h6 13. Bxf6 Bxf6 14. Nc5 Rb8 15. Qd2 Be7 16. Rc2 Bxc5 17. Rxc5 Qb6 18. Rfc1 Rbc8 19. a3 Na7 20. Ne5 Qd6 21. Nxd7 Qxd7 22. Qb4 Rxc5 23. Rxc5 Rc8 24. Qb6 Nc6 25. b4 Ne7 26. h3 g6 27. b5 Rxc5 28. Qxc5 axb5 29. Bxb5 Qd8 30. a4 b6 1/2-1/2